000 00589nam a2200217 4500
001 2653595
005 20180314045021.0
008 691224s1969 nyua b 001 0 eng
010 _a 70077277
020 _a0471246700
040 _aDLC
_cDLC
_dDLC
041 _aeng
080 _a544.926
082 0 0 _a544.926 ETT
100 1 _a12
101 _aKIM
245 1 0 _aAncillary techniques of gas chromatography,
_cedited by Leslie S. Ettre and William H. McFadden.
504 _aIncludes bibliographies.
906 _a7
_bcbc
_corignew
_du
_encip
_f19
_gy-gencatlg
942 _2ddc
_cBK
999 _c44955
_d44955